000 00528cam a22001697a 4500
008 180718b2001 xxu||||| |||| 00| 0 eng d
020 _a812120741X
082 _aQ8x54 G959
245 _aChild victims of crime: problems and perspectives
_cedited by M.C. Gupta, K. Chockalingam and Jaytilak Guha Roy
260 _aNew Delhi
_bGyan
_c2001
300 _a306p.
650 _aAbused children - India
650 _aVictims of crimes - India
700 _aGuha Roy, Jaytilak
700 _aChockalingam, K.
700 _aGupta, M.C.
999 _c398486
_d398486